| 000 | 00453 a2200145 4500 | ||
|---|---|---|---|
| 005 | 20250613072816.0 | ||
| 020 | _a0-471-34517-2 | ||
| 082 | _aLECT 658.575 PAT | ||
| 100 | _aPATTERSON, M. L. | ||
| 245 | _aLeading Product Innovation : Accelerating Growth in a Product-Based Business. | ||
| 260 |
_aNew York, _bJohn Willey & Sons, _c1999. |
||
| 300 |
_axiii, 434p.: ill.; chart, figure, table _bIndex _c23cm. |
||
| 700 | _aFENOGLIO, J. A. | ||
| 942 |
_2ddc _cBKS |
||
| 999 |
_c3937 _d3937 |
||